<?xml version="1.0" encoding="UTF-8"?>
<marc:record xmlns:marc="http://www.loc.gov/MARC21/slim">
   <marc:leader>00000nam a2200000 a 4500</marc:leader>
   <marc:datafield ind1="1" ind2=" " tag="100">
      <marc:subfield code="a">Loyd, Alex</marc:subfield>
      <marc:subfield code="4">aut</marc:subfield>
      <marc:subfield code="e">Verfasser/-in</marc:subfield>
   </marc:datafield>
   <marc:datafield ind1=" " ind2=" " tag="653">
      <marc:subfield code="a">Depression</marc:subfield>
   </marc:datafield>
   <marc:datafield ind1=" " ind2=" " tag="653">
      <marc:subfield code="a">Heilung</marc:subfield>
   </marc:datafield>
   <marc:datafield ind1=" " ind2=" " tag="653">
      <marc:subfield code="a">Heilmethoden</marc:subfield>
   </marc:datafield>
   <marc:datafield ind1="0" ind2="0" tag="245">
      <marc:subfield code="a">Der Healing Code</marc:subfield>
   </marc:datafield>
   <marc:datafield ind1="0" ind2="0" tag="245">
      <marc:subfield code="b">Die 6-Minuten-Heilmethode</marc:subfield>
   </marc:datafield>
   <marc:datafield ind1=" " ind2="1" tag="264">
      <marc:subfield code="b">Rowohlt Taschenbuch</marc:subfield>
      <marc:subfield code="c">2014</marc:subfield>
   </marc:datafield>
   <marc:datafield ind1="1" ind2=" " tag="520">
      <marc:subfield code="a">In nur sechs Minuten zur Heilung ? was unmöglich erscheint, haben Alex Loyd und Ben Johnson geschafft. Ihre Methode half Alex Loyds Frau, ihre Depression zu überwinden, und Johnson besiegte damit seine ALS-Erkrankung, die eigentlich als unheilbar gilt.
Die wichtigsten Übungen und Kernthesen des Bestsellers «Der Healing Code» sind nun in diesem kleinen Band zusammengefasst, überraschend einfach, mit sensationellen Heilungsergebnissen: Eine Folge von vier Handpositionen, zweimal täglich ausgeführt ? das schafft jeder. Und die Ergebnisse sind einfach überwältigend!
(Amazon)</marc:subfield>
   </marc:datafield>
   <marc:datafield ind1=" " ind2=" " tag="020">
      <marc:subfield code="a">9783499628078</marc:subfield>
      <marc:subfield code="9">9783499628078</marc:subfield>
   </marc:datafield>
</marc:record>
